Münchner Tram-Stationen - Statistiken

Allgemein
  • Dieses Quiz wurde 6 mal gespielt
  • Das Durchschnittsergebnis liegt bei 65 aus 260
Antwortstatistiken
Hint Antwort % Korrekt
Karlsplatz (Stachus)
83%
Hauptbahnhof
67%
Sendlinger Tor
67%
Botanischer Garten
50%
Deutsches Museum
50%
Hackerbrücke
50%
Laimer Platz
50%
Lenbachplatz
50%
Marienplatz (Theatinerstraße)
50%
Ostbahnhof
50%
14 Pasing (Bf).
50%
19 Pasing (Bf.)
50%
Agnes-Bernauer-Platz
33%
Agnes-Bernauer-Straße
33%
17 Amalienburgstraße
33%
Am Knie
33%
Am Lokschuppen
33%
Ammerseestraße
33%
Arabellapark (Klinikum Bogenhausen)
33%
Arabellastraße
33%
Berg am Laim (Bf.)
33%
Borstei
33%
Chiemgaustraße
33%
Effnerplatz
33%
Einsteinstraße
33%
Elisabethplatz
33%
Fraunhoferstraße
33%
Fürstenrieder Straße
33%
Giesing Bf.
33%
Gondrellplatz
33%
Großhesseloher Brücke
33%
Grünwald, Derbolfinger Platz
33%
Hauptbahnhof Nord
33%
Hauptbahnhof Süd
33%
Hermann-Lingg-Straße
33%
Hochschule München (Lothstraße)
33%
Holzkirchner Bf.
33%
Isartor
33%
Karlstraße
33%
Kreillerstraße
33%
Lautensackstraße
33%
Leonrodplatz
33%
Maximilianeum
33%
Maxmonument
33%
Max-Weber-Platz
33%
20 Moosach (Bf.)
33%
Müllerstraße
33%
Münchner Freiheit
33%
Nordendstraße
33%
Olympiapark West
33%
Ottostraße
33%
Pelkovenstraße
33%
27 Petuelring
33%
Pinakotheken
33%
Rathaus Pasing
33%
12 | 16 Romanplatz
33%
Rotkreuzplatz
33%
Sandstraße
33%
Scheidplatz
33%
Schellingstraße
33%
Schwabing Nord
33%
Schwanseestraße
33%
Silberhornstraße
33%
St. Emmeram
33%
St.-Veit-Straße
33%
Tegernseer Landstraße
33%
Tivolistraße
33%
Trappentreustraße
33%
Westbad
33%
Westendstraße
33%
Westfriedhof
33%
Wettersteinplatz
33%
Wiener Platz
33%
Willibaldplatz
33%
Ackermannstraße
17%
Aindorferstraße
17%
Albrechtstraße
17%
Am Gasteig
17%
Am Münchner Tor
17%
Anni-Albers-Straße
17%
Barbarastraße
17%
Barthstraße
17%
Briefzentrum
17%
Bundesfinanzhof
17%
Clemensstraße
17%
Cosimabad
17%
Dall‘Armistraße
17%
Deroystraße
17%
Domagkstraße
17%
Donnersbergerstraße
17%
Fachnerstraße
17%
Fasaneriestraße
17%
Gartenstraße
17%
Grünwald, Bavariafilmplatz
17%
Hanauer Straße
17%
Heideckstraße
17%
Herkomerplatz
17%
Hohenzollernplatz
17%
Holzapfelstraße
17%
Hugo-Troendle-Straße
17%
Infanteriestraße
17%
Karolinenplatz
17%
Klinikum Harlaching
17%
Kölner Platz
17%
Kriemhildenstraße
17%
Kurfürstenplatz
17%
Lehel
17%
Lohensteinstraße
17%
Maria-Ward-Straße
17%
Marsstraße
17%
Mauerkirchnerstraße
17%
Menterschwaige
17%
Nationalmuseum/Haus der Kunst
17%
Nationaltheater
17%
Neuhausen
17%
Nordbad
17%
Offenbachstraße
17%
Ostfriedhof
17%
Paradiesstraße
17%
Parkplatz
17%
Parzivalplatz
17%
Potsdamer Straße
17%
Renatastraße
17%
Säulingstraße
17%
Schloss Nymphenburg
17%
Schrenkstraße
17%
Schwabinger Tor
17%
Senftenauerstraße
17%
Siglstraße
17%
21 Stadtwerke München
17%
Stegener Weg
17%
Steubenplatz
17%
Stiglmaierplatz
17%
St.-Martins-Platz
17%
Tiroler Platz
17%
Volkartstraße
17%
Wintrichring
17%
Ampfingstraße
0%
Authariplatz
0%
Baumkirchner Straße
0%
Burghausener Straße
0%
Carl-Amery-Platz
0%
Eduard-Schmid-Straße
0%
Flurstraße
0%
Friedensengel/Villa Stuck
0%
Fritz-Meyer-Weg
0%
Grillparzerstraße
0%
Haidenauplatz
0%
Hans-Thomauer-Straße
0%
Herzogstraße
0%
Holbeinstraße
0%
Hopfenstraße
0%
Hubertusstraße
0%
Kammerspiele
0%
Karl-Theodor-Straße
0%
Kurzstraße
0%
Ludwig-Thoma-Straße
0%
Mariahilfplatz
0%
Mariannenplatz
0%
Mutschellestraße
0%
Prinz-Eugen-Park
0%
Regerplatz
0%
Regina-Ullmann-Straße
0%
Reichenbachplatz
0%
Riedenburger Straße
0%
Robert-Koch-Straße
0%
Rosenheimer Platz
0%
Schilcherweg
0%
Schlösselgarten
0%
Schlüsselbergstraße
0%
Schnrenkstraße
0%
Sternwartstraße
0%
Südtiroler Straße
0%
Taimerhofstraße
0%
Theodolindenplatz
0%
Vogelweideplatz
0%
Werinherstraße
0%
Wörthstraße
0%
Keine übereinstimmenden Quizze gefunden
Verteilung der Resultate
Anzahl Personen mit jedem Resultat
Perzentil nach korrekt beantworteten Fragen
Ihre Resultats-Entwicklung
Sie haben dieses Quiz noch nicht gespielt